Congressional Budget Office : Appointment and Tenure of the Director and Deputy Director.

Provides overview of appointment and tenure of the director and deputy director of the Congressional Budget Office (CBO). Summarizes CBO's purpose, describes the appointment procedure, and identifies the terms of the current and previous CBO directors.

Bibliographic Details
Corporate Authors: Library of Congress. Congressional Research Service, ProQuest (Firm)
Format: eBook
Language:English
Published: [Place of publication not identified] : [publisher not identified], 2002.
Series:U.S. Congressional Research.
Subjects:
Online Access:Connect to the full text of this electronic book

MARC

Tag First Indicator Second Indicator Subfields
LEADER 00000cam a22000001a 4500
001 in00003362521
006 m d f
007 cr bn mmmapmmp
008 100727s2002 dcu o f000 0 eng d
005 20260430200603.3
035 |a cis2007899634 
040 |a ProQuest  |c ProQuest  |d UtOrBLW 
043 |a n-us--- 
099 |a CRS-2002-GVF-0335 
110 2 |a Library of Congress.  |b Congressional Research Service. 
245 1 0 |a Congressional Budget Office :  |b Appointment and Tenure of the Director and Deputy Director. 
264 1 |a [Place of publication not identified] :  |b [publisher not identified],  |c 2002. 
300 |a 1 online resource. 
336 |a text  |b txt  |2 rdacontent 
337 |a computer  |b c  |2 rdamedia 
338 |a online resource  |b cr  |2 rdacarrier 
500 |a Record is based on bibliographic data in ProQuest U.S. Congressional Research Digital Collection (last viewed July 2010). Reuse except for individual research requires license from ProQuest, LLC. 
500 |a CRS Report. 
520 |a Provides overview of appointment and tenure of the director and deputy director of the Congressional Budget Office (CBO). Summarizes CBO's purpose, describes the appointment procedure, and identifies the terms of the current and previous CBO directors. 
500 |a Electronic resource. 
610 1 0 |a United States.  |b Congress  |x Officials and employees. 
655 7 |a Electronic books.  |2 local 
710 2 |a ProQuest (Firm) 
776 0 8 |i Microfiche version:   |a Library of Congress. Congressional Research Service.  |t Congressional Budget Office 
830 0 |a U.S. Congressional Research. 
856 4 0 |u http://proxy.library.tamu.edu/login?url=https://congressional.proquest.com/congcomp/getdoc?CRDC-ID=CRS-2002-GVF-0335  |z Connect to the full text of this electronic book  |t 0 
999 |a MARS 
999 f f |s b52c4575-8001-3487-ae4c-041329d69238  |i a1bd1e8c-063f-3070-875b-5df7c3b85f41  |t 0 
952 f f |a Texas A&M University  |b College Station  |c Electronic Resources  |s www_evans  |d Available Online  |t 0  |e CRS-2002-GVF-0335  |h Other scheme 
998 f f |a CRS-2002-GVF-0335  |t 0  |l Available Online